Azerbaijan Country Quiz - Statistics

General Stats
  • This quiz has been taken 36 times
  • The average score is 11 of 18
Answer Stats
Hint Answer % Correct
Main Ally Turkey
100%
Borders Turkey
100%
Independent Since 1991
94%
Capital Baku
89%
Borders Armenia
83%
Borders Georgia
83%
Borders Iran
83%
Borders Russia
83%
Main Religion Islam
78%
Former Part of Soviet Union
78%
Current Leader Ilham Aliyev
50%
Global Firepower Rating (out of 145) 60
39%
Number of Districts 67
22%
Currency Azerbaijani Manat
22%
Main Language Azerbaijanian
17%
Tallest Mountain Bazardüzü
17%
Main Export Petroleum
11%
Form of Government Authoritarian
0%
No matching quizzes found
Score Distribution
Percent of People with Each Score
Percentile by Number Answered
Your Score History
You have not taken this quiz